| 000 | 01531nam a22003014i 4500 | ||
|---|---|---|---|
| 001 | 32559 | ||
| 003 | DO-SdISF | ||
| 005 | 20250401160125.0 | ||
| 007 | ta | ||
| 008 | 240209s2020 dr a|||frm||| 000 0 spa d | ||
| 040 |
_aDO-SdISF _bspa _erda _cDO-SdISF |
||
| 090 | _aTMEFI-2020-0013 | ||
| 100 | 1 |
_aPacheco Ferreira, Luis Miguel _931269 _eautor |
|
| 245 | 1 | 0 |
_aNivel de competencias fundamentales en estudiantes de primer ciclo de secundaria del distrito educativo 08-08 / _csustentada por: Luis Miguel Pacheco Ferreira ; asesor: Mauricio Javier Prada Rozo |
| 264 | 1 |
_aSanto Domingo : _bISFODOSU, _c2020 |
|
| 300 |
_a86 hojas : _bilustraciones ; _c27 cm. |
||
| 336 |
_2rdacontent _atexto _btxt |
||
| 337 |
_2rdamedia _asin mediación _bn |
||
| 338 |
_2rdacarrier _avolumen _bnc |
||
| 502 | _aTesis para optar por el título de Maestría en Educación Física Integral - Instituto Superior de Formación Docente Salomé Ureña - ISFODOSU, Recinto EMH, 2020. | ||
| 504 | _aBibliografía en hoja 70 | ||
| 505 | 2 | _aIntroducción al problema de investigación 1 - Revisión de literatura 10 - Metodología 23 - Presentación de los resultados 33 - Interpretación de los resultados 65 - Referencias bibliográfica 70 - anexos 80 | |
| 610 | 1 | 4 |
_aInstituto Superior de Formación Docente Salomé Ureña _vTesis _2armarc _920677 |
| 650 | 1 | 7 |
_aEducación secundaria _2armarc _zRepública Dominicana _93888 |
| 650 | 1 | 7 |
_aAptitudes _xMediciones _2armarc _925867 |
| 700 | 1 |
_aPrada Rozo, Mauricio Javier _easesor _921318 |
|
| 942 |
_2LOC _cTESIS _n0 |
||
| 999 |
_c13397 _d13397 |
||